[Event "Pan American-ch U16 Girls"]
[Site "Guayaquil"]
[Date "2019.07.25"]
[Round "7"]
[White "Oleas Vanegas, Micaela Carolina"]
[Black "Noronha Linares, Alessandra Fiorella"]
[Result "1-0"]
[WhiteElo "1671"]
[BlackElo "1516"]
[PlyCount "91"]
[EventDate "2019.07.21"]
[EventType "swiss"]
[EventRounds "9"]
[EventCountry "ECU"]
[SourceTitle "EXT 2020"]
[Source "ChessBase"]
[SourceDate "2019.10.17"]
[SourceVersion "1"]
[SourceVersionDate "2019.10.17"]
[SourceQuality "1"]

1. e4 c5 2. c3 Nf6 3. e5 Nd5 4. d4 cxd4 5. Nf3 Nc6 6. cxd4 d6 7. Bc4 Nb6 8. Bb3 dxe5 9. d5 Na5 10. Nc3 Bg4 11. h3 Bxf3 12. gxf3 Nxb3 13. Qxb3 g6 14. Be3 Bg7 15. Qb5+ Qd7 16. Bxb6 axb6 17. Qxb6 Ra6 18. Qb5 Qxb5 19. Nxb5 Rb6 20. a4 0-0 21. Ke2 Rd8 22. Rhd1 Ra6 23. Ra2 Bf8 24. b3 Kg7 25. Rc2 Rd7 26. Rc8 e6 27. Nc7 exd5 28. Nxa6 bxa6 29. Ra8 Rd6 30. b4 h5 31. b5 axb5 32. axb5 d4 33. Ra6 Rd7 34. Kd3 f5 35. Re1 Bd6 36. b6 Bb8 37. Rea1 Kh6 38. Ra7 Bxa7 39. bxa7 Rxa7 40. Rxa7 Kg5 41. Ra6 Kf4 42. Rxg6 Kxf3 43. Rg5 e4+ 44. Kxd4 f4 45. Rxh5 Kxf2 46. Kxe4 1-0

[Event "Pan American-ch U16 Girls"]
[Site "Guayaquil"]
[Date "2019.07.23"]
[Round "4"]
[White "Noronha Linares, Alessandra Fiorella"]
[Black "Iquise Calle, Jhosselyn"]
[Result "1-0"]
[WhiteElo "1516"]
[BlackElo "1329"]
[PlyCount "101"]
[EventDate "2019.07.21"]
[EventType "swiss"]
[EventRounds "9"]
[EventCountry "ECU"]
[SourceTitle "EXT 2020"]
[Source "ChessBase"]
[SourceDate "2019.10.17"]
[SourceVersion "1"]
[SourceVersionDate "2019.10.17"]
[SourceQuality "1"]

1. e4 e5 2. Nf3 d6 3. Bc4 Be6 4. Bb3 Be7 5. d3 c6 6. 0-0 h6 7. d4 Qc7 8. Bxe6 fxe6 9. dxe5 dxe5 10. Nh4 Nf6 11. Ng6 Rg8 12. Nc3 Bd6 13. Qd3 Nbd7 14. Rd1 Bc5 15. Be3 0-0-0 16. Qc4 b6 17. Bxc5 Nxc5 18. b4 Nb7 19. Qxe6+ Kb8 20. Qxe5 Rde8 21. Qxc7+ Kxc7 22. f3 Re6 23. Nf4 Re7 24. b5 Rc8 25. bxc6 Kxc6 26. Ncd5 Nxd5 27. Nxd5 Re5 28. Rd2 Nc5 29. Rad1 Kb7 30. Ne3 g5 31. Nf5 Re6 32. Nd6+ Rxd6 33. Rxd6 Na4 34. R1d2 Rc6 35. Rxc6 Kxc6 36. e5 Nc5 37. Rd6+ Kc7 38. Rxh6 Kd7 39. Rh5 Ne6 40. Rh7+ Kc6 41. Rxa7 Kc5 42. Rd7 b5 43. g3 b4 44. Rd6 Nc7 45. Rg6 Kc4 46. Rc6+ Kd5 47. Rxc7 Kxe5 48. Rc4 Kf6 49. Rxb4 Kg6 50. a4 Kh5 51. a5 1-0

[Event "Pan American-ch U16 Girls"]
[Site "Guayaquil"]
[Date "2019.07.22"]
[Round "3"]
[White "Lugo, Tatiana"]
[Black "Noronha Linares, Alessandra Fiorella"]
[Result "0-1"]
[WhiteElo "1242"]
[BlackElo "1516"]
[PlyCount "67"]
[EventDate "2019.07.21"]
[EventType "swiss"]
[EventRounds "9"]
[EventCountry "ECU"]
[SourceTitle "EXT 2020"]
[Source "ChessBase"]
[SourceDate "2019.10.17"]
[SourceVersion "1"]
[SourceVersionDate "2019.10.17"]
[SourceQuality "1"]

1. d4 Nf6 2. Bf4 e6 3. e3 c5 4. c3 d5 5. Nf3 Nc6 6. Nbd2 cxd4 7. exd4 Nh5 8. Bg3 Nxg3 9. hxg3 Be7 10. Bd3 h6 11. Qe2 a6 12. Ne5 Nxe5 13. dxe5 Qb6 14. Rb1 Bd7 15. Qg4 Kf8 16. Qf3 Kg8 17. g4 Bg5 18. Qg3 Bxd2+ 19. Kxd2 d4 20. g5 h5 21. Rh4 dxc3+ 22. bxc3 Qc7 23. Qh2 g6 24. g4 Bb5 25. gxh5 Bxd3 26. Kxd3 gxh5 27. Rbb4 b5 28. f3 Rc8 29. c4 bxc4+ 30. Rbxc4 Rd8+ 31. Rhd4 Rxd4+ 32. Rxd4 Qb6 33. Qc2 Kg7 34. Ke3 0-1

[Event "South America-ch U20 Girls"]
[Site "Asuncion"]
[Date "2019.05.15"]
[Round "7"]
[White "Lugo, Sabrina"]
[Black "Noronha Linares, Alessandra Fiorella"]
[Result "0-1"]
[WhiteElo "1092"]
[BlackElo "1506"]
[PlyCount "94"]
[EventDate "2019.05.11"]
[EventType "swiss"]
[EventRounds "9"]
[EventCountry "PAR"]
[SourceTitle "CBM 190 Extra"]
[Source "ChessBase"]
[SourceDate "2019.07.15"]
[SourceVersion "1"]
[SourceVersionDate "2019.07.15"]
[SourceQuality "1"]

1. d4 Nf6 2. Bf4 e6 3. e3 d5 4. c4 c5 5. Nf3 Nc6 6. Nc3 dxc4 7. Bxc4 cxd4 8. exd4 Nb4 9. a3 Nbd5 10. Nxd5 Nxd5 11. Bxd5 Qxd5 12. 0-0 Be7 13. Re1 Bd6 14. Bxd6 Qxd6 15. Qd2 0-0 16. Rad1 Rd8 17. Qc3 b6 18. h3 Bb7 19. b4 Qf4 20. Qe3 Qd6 21. Qc3 Rac8 22. Qe3 h6 23. Ne5 Qd5 24. Nf3 Rc7 25. Rc1 Rdc8 26. Rxc7 Rxc7 27. Rc1 Rd7 28. Qe5 Qd6 29. Qxd6 Rxd6 30. Rd1 Bxf3 31. gxf3 Kf8 32. f4 Ke7 33. Kg2 Kd7 34. Kf3 Rd5 35. Rd3 a5 36. bxa5 bxa5 37. Ke2 a4 38. Kd2 Rb5 39. Kc2 Kd6 40. Kc3 Kd5 41. Re3 f6 42. Rg3 Rb3+ 43. Kd2 Rxg3 44. fxg3 Kxd4 45. Kc2 e5 46. fxe5 fxe5 47. Kd2 e4 0-1

[Event "South America-ch U20 Girls"]
[Site "Asuncion"]
[Date "2019.05.12"]
[Round "2"]
[White "Molina, Jessica"]
[Black "Noronha Linares, Alessandra Fiorella"]
[Result "1/2-1/2"]
[WhiteElo "1842"]
[BlackElo "1506"]
[PlyCount "107"]
[EventDate "2019.05.11"]
[EventType "swiss"]
[EventRounds "9"]
[EventCountry "PAR"]
[SourceTitle "CBM 190 Extra"]
[Source "ChessBase"]
[SourceDate "2019.07.15"]
[SourceVersion "1"]
[SourceVersionDate "2019.07.15"]
[SourceQuality "1"]

1. d4 Nf6 2. c4 g6 3. Nc3 d5 4. Nf3 Bg7 5. e3 c6 6. b3 Qc7 7. Bb2 Nbd7 8. Rc1 Qd6 9. Be2 0-0 10. 0-0 a6 11. Qc2 dxc4 12. Bxc4 e5 13. dxe5 Nxe5 14. Nxe5 Qxe5 15. Nd5 Qd6 16. Bxf6 Bxf6 17. Nb6 Rb8 18. Rfd1 Qe7 19. Qd2 Bf5 20. Nd7 Bxd7 21. Qxd7 Rfd8 22. Qxe7 Bxe7 23. g3 Ba3 24. Rb1 b5 25. Be2 c5 26. Kf1 Kf8 27. Rxd8+ Rxd8 28. Rd1 Rxd1+ 29. Bxd1 Ke7 30. Ke2 c4 31. bxc4 bxc4 32. Kd2 Bb4+ 33. Kc2 Kd6 34. Be2 Kc5 35. g4 f5 36. gxf5 gxf5 37. Bh5 Be1 38. f3 Bf2 39. e4 fxe4 40. fxe4 Bd4 41. Bf7 Be5 42. h4 a5 43. h5 Bg7 44. h6 Bxh6 45. Bg8 Bg7 46. Bxh7 Kb4 47. Bg8 a4 48. Bf7 Kc5 49. Be8 a3 50. Bf7 Kd4 51. Bd5 c3 52. Bb7 Ke3 53. Bd5 Be5 54. Bb7 1/2-1/2

[Event "South America-ch U20 Girls"]
[Site "Asuncion"]
[Date "2019.05.11"]
[Round "1"]
[White "Noronha Linares, Alessandra Fiorella"]
[Black "Puppi Lazo, Stephanie Beatriz"]
[Result "1/2-1/2"]
[WhiteElo "1506"]
[BlackElo "1955"]
[PlyCount "149"]
[EventDate "2019.05.11"]
[EventType "swiss"]
[EventRounds "9"]
[EventCountry "PAR"]
[SourceTitle "CBM 190 Extra"]
[Source "ChessBase"]
[SourceDate "2019.07.15"]
[SourceVersion "1"]
[SourceVersionDate "2019.07.15"]
[SourceQuality "1"]

1. e4 c5 2. Nf3 d6 3. Nc3 Nf6 4. Bc4 a6 5. d4 cxd4 6. Nxd4 e6 7. Bb3 Nbd7 8. Qe2 Nc5 9. Bg5 Be7 10. f4 h6 11. Bxf6 Bxf6 12. 0-0-0 Qc7 13. Kb1 Bd7 14. Rhe1 0-0-0 15. e5 Be7 16. Nf5 Bc6 17. exd6 Bxd6 18. Nxd6+ Rxd6 19. Rxd6 Qxd6 20. g3 h5 21. Rd1 Qc7 22. Kc1 h4 23. Qg4 hxg3 24. hxg3 g6 25. Qg5 Bf3 26. Rf1 Bg2 27. Re1 Kb8 28. Qe5 Rh3 29. Qxc7+ Kxc7 30. Re3 b5 31. a4 Kc6 32. axb5+ axb5 33. Kd2 Nxb3+ 34. cxb3 b4 35. Ne2 Bd5 36. Nd4+ Kc5 37. Ne2 Rh1 38. Nc1 Rh2+ 39. Ne2 f6 40. Kd1 Rh1+ 41. Kc2 Rf1 42. Kd2 f5 43. Nc1 Rf2+ 44. Re2 Rxe2+ 45. Kxe2 Kd4 46. Kd2 Ke4 47. Nd3 Kf3 48. Nxb4 Bxb3 49. Nd3 Kxg3 50. Ke3 Kh4 51. Kd4 g5 52. fxg5 Kxg5 53. Ke5 Bc4 54. Nf4 Kg4 55. b4 Kh4 56. Ng6+ Kg5 57. Nf4 Kh6 58. Nh3 Kg6 59. Nf4+ Kf7 60. Ng2 Ke7 61. Ne3 Bd3 62. b5 Kd7 63. b6 Kc6 64. Kxe6 f4 65. Ng4 Kxb6 66. Ke5 f3 67. Kd4 Bf5 68. Nf2 Bc8 69. Ke3 Bb7 70. Nh1 Kc5 71. Nf2 Kc4 72. Nh1 Kc3 73. Nf2 Kc2 74. Nh3 Kd1 75. Ng5 1/2-1/2